Statistics for Geographical Triple Letter Words A to Z

Click here to take the quiz!

General Stats

  • This quiz has been taken 104 times
    (101 since last reset)
  • The average score is 10 of 26

Answer Stats

3xHintAnswer% Correct
BBritish policemanbobby
74%
PNation of islands - 7107 of themPhilippines
65%
MWhat Tutankhamen becamemummy
63%
DRoad with only one way in or outdeadend
62%
UThis country's football team won the FIFA World Cup twiceUruguay
61%
JOnly 2 J's: Muslim religious pilgrimagehajj
56%
AAsian country whose capital also has 3 AsKazakhstan
50%
Z3 Z's in two words combined: Country and its largest islandIsland of Z{anzibar} in T{anzania}
43%
IRain or snowprecipitation
43%
TThe third largest countryUnited States
42%
OBecame a country in 2008Kosovo
40%
LSouth Sea island visited by Lemuel GulliverLilliput
38%
F7000 foot high city, home to Northern Arizona UniversityFlagstaff
37%
EThe Swiss army invaded this country, accidentally, in 2007Liechtenstein
36%
SSeparation from a country to create a new onesecession
31%
HState in northern Mexico bordering Texas and New MexicoChihuahua
29%
GFeature of buying goods in Third-World open-air marketshaggling
25%
QOnly 2 Q's: City, its state's largest, on the Rio GrandeAlbuquerque
23%
VKnowledge of the world and the ways of polite society; mannerssavoir-{vivre}
23%
Y3 Y's in two words combined: Current president, and his countryPresident Atambayev of {Kyrgyzstan}
21%
NCapital city nicknamed Tana by its prior French colonistsAntananarivo
19%
COf extreme storms, like hurricanes and typhoonscyclonic
19%
K3 K's in two words combined: A Japanese island and its largest cityCity of F{ukuoka} on K{yushu}
18%
WFirst Nations gathering (North America)powwow
12%
XOnly 2 X's: US highway that once connected LA to Chicagosixtysix
12%
RSuburb where Sri Lanka's parliament sits in the middle of a lakeSri Jayawardenapura Kotte
12%

Score Distribution

Percentile by Number Answered

Percent of People with Each Score

Your Score History

You have not taken this quiz since the last reset